[Event "Sherbrooke op B"]
[Site "Sherbrooke CAN"]
[Date "2007.05.25"]
[Round "1"]
[White "Lavoie, Eric"]
[Black "Pelletier, Jacques"]
[Result "1-0"]
[WhiteElo "1788"]
[BlackElo "1445"]
[PlyCount "65"]
[GameId "2160767910676025"]
[EventDate "2007.05.25"]
[EventType "swiss"]
[EventRounds "5"]
[EventCountry "CAN"]
[SourceTitle "EXT 2022"]
[Source "ChessBase"]
[SourceDate "2021.10.06"]
[SourceVersion "1"]
[SourceVersionDate "2021.10.06"]
[SourceQuality "1"]

1. d4 e5 2. dxe5 Nc6 3. Nf3 Qe7 4. Nc3 Nxe5 5. Nxe5 Qxe5 6. Qd5 Qxd5 7. Nxd5 Bd6 8. Bd2 c6 9. Nf4 Be5 10. Nd3 Bf6 11. e4 d6 12. O-O-O Ne7 13. Bf4 Ng6 14. Bxd6 Be6 15. f4 O-O-O 16. Nf2 Be7 17. Bxe7 Rxd1+ 18. Nxd1 Nxe7 19. Ne3 f6 20. Bd3 Bf7 21. a3 Ng6 22. Nf5 Kc7 23. g3 Nf8 24. Nxg7 Nd7 25. Nf5 Nc5 26. b4 Nxd3+ 27. cxd3 Kb6 28. Kd2 a5 29. Nd6 Bh5 30. bxa5+ Kxa5 31. Nxb7+ Ka6 32. Nc5+ Ka7 33. Rb1 1-0

[Event "Sherbrooke op B"]
[Site "Sherbrooke CAN"]
[Date "2007.05.25"]
[Round "1"]
[White "Senecal, Jean-Pierre"]
[Black "Ouellet-Lahaie, Didier"]
[Result "0-1"]
[WhiteElo "1336"]
[BlackElo "1701"]
[PlyCount "72"]
[GameId "2160767910676026"]
[EventDate "2007.05.25"]
[EventType "swiss"]
[EventRounds "5"]
[EventCountry "CAN"]
[SourceTitle "EXT 2022"]
[Source "ChessBase"]
[SourceDate "2021.10.06"]
[SourceVersion "1"]
[SourceVersionDate "2021.10.06"]
[SourceQuality "1"]

1. e4 e5 2. c3 Nf6 3. Nf3 Nxe4 4. Qe2 d5 5. Nxe5 Be7 6. d4 Nd7 7. Nd2 Nxd2 8. Bxd2 O-O 9. O-O-O c5 10. f4 Nf6 11. Be3 c4 12. h3 b5 13. g4 Ne4 14. Bf2 b4 15. Bg2 Nxf2 16. Qxf2 bxc3 17. bxc3 Ba3+ 18. Kd2 f6 19. Nxc4 Be7 20. Ne3 Be6 21. Rb1 Qa5 22. Rb2 Ba3 23. Rb3 Bc5 24. Rhb1 Bxd4 25. Kc2 Rac8 26. Qd2 Bxc3 27. Rxc3 Rxc3+ 28. Qxc3 Rc8 29. Qxc8+ Bxc8 30. Bxd5+ Kf8 31. Bc4 Qc7 32. Rf1 h5 33. g5 Bxh3 34. Rf2 Bf5+ 35. Kc3 Qa5+ 36. Kb2 Qb6+ 0-1

[Event "Sherbrooke op B"]
[Site "Sherbrooke CAN"]
[Date "2007.05.26"]
[Round "2"]
[White "Ouellet-Lahaie, Didier"]
[Black "Courteau, Bernard"]
[Result "0-1"]
[WhiteElo "1701"]
[BlackElo "1601"]
[PlyCount "40"]
[GameId "2160767910676027"]
[EventDate "2007.05.25"]
[EventType "swiss"]
[EventRounds "5"]
[EventCountry "CAN"]
[SourceTitle "EXT 2022"]
[Source "ChessBase"]
[SourceDate "2021.10.06"]
[SourceVersion "1"]
[SourceVersionDate "2021.10.06"]
[SourceQuality "1"]

1. e4 e6 2. d4 d5 3. Nc3 Nf6 4. Bg5 Be7 5. e5 Nfd7 6. h4 a6 7. Qg4 Bxg5 8. hxg5 c5 9. g6 f5 10. Qh5 h6 11. Nf3 cxd4 12. Nxd4 Nxe5 13. O-O-O Qf6 14. f4 Nxg6 15. g4 Nc6 16. gxf5 Nxd4 17. Rxd4 O-O 18. Rh4 Qxf5 19. Qxf5 Rxf5 20. Bd3 Rxf4 0-1

[Event "Sherbrooke op B"]
[Site "Sherbrooke CAN"]
[Date "2007.05.26"]
[Round "2"]
[White "Pelletier, Jacques"]
[Black "Duplessis, Jean-Roch"]
[Result "0-1"]
[WhiteElo "1445"]
[BlackElo "1736"]
[PlyCount "86"]
[GameId "2160767910676028"]
[EventDate "2007.05.25"]
[EventType "swiss"]
[EventRounds "5"]
[EventCountry "CAN"]
[SourceTitle "EXT 2022"]
[Source "ChessBase"]
[SourceDate "2021.10.06"]
[SourceVersion "1"]
[SourceVersionDate "2021.10.06"]
[SourceQuality "1"]

1. e4 Nc6 2. d4 d5 3. e5 Bf5 4. c3 e6 5. Ne2 h6 6. Ng3 Bh7 7. Bd3 Bxd3 8. Qxd3 Nge7 9. Nd2 Ng6 10. Nb3 Qh4 11. Ne2 Qg4 12. Qg3 Qxg3 13. Nxg3 b5 14. a4 b4 15. O-O Rb8 16. Nd2 Na5 17. Rb1 Be7 18. Ne2 O-O 19. g3 c5 20. f4 bxc3 21. bxc3 Rxb1 22. Nxb1 cxd4 23. cxd4 Nc4 24. Nd2 Rc8 25. Kf2 Bb4 26. Rd1 Ne7 27. Nb3 a5 28. Nd2 Nxd2 29. Bxd2 Bxd2 30. Rxd2 Rc4 31. Rb2 Nf5 32. Rb8+ Kh7 33. h4 h5 34. Rb2 Rxa4 35. Rd2 Rc4 36. Ra2 a4 37. Ra3 Nxd4 38. Nxd4 Rxd4 39. Ke3 Rb4 40. Kd3 Rb3+ 41. Rxb3 axb3 42. Kc3 Kg6 43. Kxb3 Kf5 0-1

[Event "Sherbrooke op B"]
[Site "Sherbrooke CAN"]
[Date "2007.05.26"]
[Round "3"]
[White "Duplessis, Jean-Roch"]
[Black "Ouellet-Lahaie, Didier"]
[Result "0-1"]
[WhiteElo "1736"]
[BlackElo "1701"]
[PlyCount "104"]
[GameId "2160767910676029"]
[EventDate "2007.05.25"]
[EventType "swiss"]
[EventRounds "5"]
[EventCountry "CAN"]
[SourceTitle "EXT 2022"]
[Source "ChessBase"]
[SourceDate "2021.10.06"]
[SourceVersion "1"]
[SourceVersionDate "2021.10.06"]
[SourceQuality "1"]

1. d4 Nf6 2. Nc3 d5 3. Bg5 Ne4 4. Nxe4 dxe4 5. c4 g6 6. Qd2 Bg7 7. Rd1 h6 8. Bf4 b6 9. Qe3 Bb7 10. Qg3 Na6 11. Be5 O-O 12. Bxg7 Kxg7 13. Qc3 Qd6 14. e3 Rad8 15. Ne2 f5 16. d5+ Qf6 17. Nd4 Bc8 18. Nc6 Qxc3+ 19. bxc3 Rd7 20. Nxa7 Bb7 21. Nb5 Nc5 22. Be2 Ra8 23. Rd2 c6 24. Nd4 cxd5 25. cxd5 Rxd5 26. Bc4 Rd6 27. O-O Kf6 28. Rfd1 Rad8 29. Kf1 Na4 30. Nb3 Nxc3 31. Rxd6+ Rxd6 32. Rxd6+ exd6 33. Nd4 Bd5 34. Bb3 Bxb3 35. axb3 Nd5 36. Nc6 Ne7 37. Nd4 Ke5 38. Ke2 Kd5 39. Kd2 Nc6 40. Ne2 g5 41. Ng3 Ke5 42. Kc3 b5 43. Ne2 d5 44. b4 f4 45. g4 d4+ 46. exd4+ Kd5 47. h3 f3 48. Ng3 Nxd4 49. Kd2 Ke5 50. Nh5 Nc6 51. Kc3 Ne7 52. Ng7 e3 0-1

[Event "Sherbrooke op B"]
[Site "Sherbrooke CAN"]
[Date "2007.05.26"]
[Round "3"]
[White "Furger, Josef"]
[Black "Lemelin, Marc"]
[Result "0-1"]
[WhiteElo "1213"]
[BlackElo "1752"]
[PlyCount "56"]
[GameId "2160767910676030"]
[EventDate "2007.05.25"]
[EventType "swiss"]
[EventRounds "5"]
[EventCountry "CAN"]
[SourceTitle "EXT 2022"]
[Source "ChessBase"]
[SourceDate "2021.10.06"]
[SourceVersion "1"]
[SourceVersionDate "2021.10.06"]
[SourceQuality "1"]

1. f4 d5 2. Nf3 g6 3. e3 Bg7 4. Be2 c5 5. c3 d4 6. d3 Nc6 7. e4 Nh6 8. c4 O-O 9. Bd2 e5 10. Na3 f5 11. Qb1 fxe4 12. dxe4 exf4 13. h3 Ne5 14. Nxe5 Bxe5 15. O-O g5 16. Qd3 g4 17. hxg4 Bxg4 18. Bxg4 Nxg4 19. Rf3 Qh4 20. Rh3 Qf2+ 21. Kh1 Ne3 22. Bxe3 fxe3 23. Nc2 e2 24. Rf3 Rxf3 25. Qxf3 Rf8 26. Qg4+ Kh8 27. Rg1 Qxg1+ 28. Kxg1 Rf1# 0-1

[Event "Sherbrooke op B"]
[Site "Sherbrooke CAN"]
[Date "2007.05.26"]
[Round "3"]
[White "Senecal, Jean-Pierre"]
[Black "Pelletier, Jacques"]
[Result "0-1"]
[WhiteElo "1336"]
[BlackElo "1445"]
[PlyCount "102"]
[GameId "2160767910676031"]
[EventDate "2007.05.25"]
[EventType "swiss"]
[EventRounds "5"]
[EventCountry "CAN"]
[SourceTitle "EXT 2022"]
[Source "ChessBase"]
[SourceDate "2021.10.06"]
[SourceVersion "1"]
[SourceVersionDate "2021.10.06"]
[SourceQuality "1"]

1. e4 e5 2. c3 d5 3. Nf3 dxe4 4. Qa4+ Nd7 5. Nxe5 c6 6. d4 Nb6 7. Qb3 Be6 8. Qc2 f6 9. Nxc6 bxc6 10. Qxe4 Qd5 11. Nd2 Qxe4+ 12. Nxe4 Be7 13. b3 f5 14. Ng3 Nf6 15. Ba6 Bd7 16. O-O Bd6 17. Re1+ Kf7 18. f4 Rhe8 19. Bd2 Rxe1+ 20. Rxe1 Re8 21. Bd3 Rxe1+ 22. Bxe1 g6 23. Bd2 Nbd5 24. Ne2 Ne4 25. Bxe4 fxe4 26. g3 Bg4 27. Kf2 Ba3 28. c4 Bxe2 29. Kxe2 Nb4 30. Bxb4 Bxb4 31. Ke3 Ke6 32. Kxe4 Be1 33. g4 Bf2 34. f5+ gxf5+ 35. gxf5+ Kf6 36. b4 Bg1 37. h4 h5 38. a4 Bf2 39. b5 cxb5 40. axb5 Bxh4 41. c5 Bg3 42. d5 h4 43. d6 h3 44. d7 Ke7 45. c6 Bc7 46. Kf3 Kf6 47. d8=Q+ Bxd8 48. Kg3 Kxf5 49. Kxh3 Ke5 50. Kg3 Kd5 51. Kf3 Kc5 0-1

[Event "Sherbrooke op B"]
[Site "Sherbrooke CAN"]
[Date "2007.05.27"]
[Round "4"]
[White "Duplessis, Jean-Roch"]
[Black "Courteau, Bernard"]
[Result "1-0"]
[WhiteElo "1736"]
[BlackElo "1601"]
[PlyCount "41"]
[GameId "2160767910676032"]
[EventDate "2007.05.25"]
[EventType "swiss"]
[EventRounds "5"]
[EventCountry "CAN"]
[SourceTitle "EXT 2022"]
[Source "ChessBase"]
[SourceDate "2021.10.06"]
[SourceVersion "1"]
[SourceVersionDate "2021.10.06"]
[SourceQuality "1"]

1. e4 e6 2. c4 c5 3. Nf3 Nc6 4. Be2 d5 5. exd5 exd5 6. cxd5 Qxd5 7. Nc3 Qd8 8. O-O Nf6 9. Bb5 Bd7 10. d4 a6 11. Qe2+ Qe7 12. Bxc6 Bxc6 13. Qxe7+ Bxe7 14. dxc5 Bxc5 15. Ne5 Bd7 16. Nxd7 Kxd7 17. Bg5 Rae8 18. Rfd1+ Ke6 19. Rac1 Re7 20. Bxf6 Kxf6 21. Nd5+ 1-0

[Event "Sherbrooke op B"]
[Site "Sherbrooke CAN"]
[Date "2007.05.27"]
[Round "4"]
[White "Ouellet-Lahaie, Didier"]
[Black "Pelletier, Jacques"]
[Result "1-0"]
[WhiteElo "1701"]
[BlackElo "1445"]
[PlyCount "39"]
[GameId "2160767910676033"]
[EventDate "2007.05.25"]
[EventType "swiss"]
[EventRounds "5"]
[EventCountry "CAN"]
[SourceTitle "EXT 2022"]
[Source "ChessBase"]
[SourceDate "2021.10.06"]
[SourceVersion "1"]
[SourceVersionDate "2021.10.06"]
[SourceQuality "1"]

1. e4 e5 2. Nf3 Nc6 3. Bb5 a6 4. Ba4 Nf6 5. O-O Be7 6. Re1 b5 7. Bb3 O-O 8. h3 d6 9. c3 Na5 10. Bc2 c5 11. d4 cxd4 12. cxd4 exd4 13. Nxd4 Qc7 14. Nc3 Bb7 15. Nf5 Rfe8 16. Bg5 Bf8 17. Bxf6 gxf6 18. Qd3 Nc4 19. e5 Kh8 20. Ne7 1-0

[Event "Sherbrooke op B"]
[Site "Sherbrooke CAN"]
[Date "2007.05.27"]
[Round "5"]
[White "Ouellet-Lahaie, Didier"]
[Black "Lavoie, Eric"]
[Result "1/2-1/2"]
[WhiteElo "1701"]
[BlackElo "1788"]
[PlyCount "59"]
[GameId "2160767910676035"]
[EventDate "2007.05.25"]
[EventType "swiss"]
[EventRounds "5"]
[EventCountry "CAN"]
[SourceTitle "EXT 2022"]
[Source "ChessBase"]
[SourceDate "2021.10.06"]
[SourceVersion "1"]
[SourceVersionDate "2021.10.06"]
[SourceQuality "1"]

1. d4 Nf6 2. c4 e6 3. Nc3 Bb4 4. Qc2 d5 5. Nf3 O-O 6. Bg5 Be7 7. e3 h6 8. Bf4 c6 9. Bd3 dxc4 10. Bxc4 Nd5 11. Bg3 Nb6 12. Bd3 N8d7 13. O-O Nf6 14. e4 Nh5 15. Rad1 Nxg3 16. hxg3 Qc7 17. Rfe1 Bd7 18. Ne5 a6 19. Nc4 Nxc4 20. Bxc4 Rad8 21. a3 b5 22. Ba2 c5 23. d5 b4 24. dxe6 fxe6 25. Ne2 Qb6 26. Nf4 Bc8 27. Ng6 Rfe8 28. Rxd8 Bxd8 29. Qa4 Qb5 30. Qxb5 1/2-1/2

[Event "Sherbrooke op B"]
[Site "Sherbrooke CAN"]
[Date "2007.05.27"]
[Round "5"]
[White "Pelletier, Jacques"]
[Black "Courteau, Bernard"]
[Result "1/2-1/2"]
[WhiteElo "1445"]
[BlackElo "1601"]
[PlyCount "79"]
[GameId "2160767910676036"]
[EventDate "2007.05.25"]
[EventType "swiss"]
[EventRounds "5"]
[EventCountry "CAN"]
[SourceTitle "EXT 2022"]
[Source "ChessBase"]
[SourceDate "2021.10.06"]
[SourceVersion "1"]
[SourceVersionDate "2021.10.06"]
[SourceQuality "1"]

1. e4 e6 2. d4 d5 3. Nd2 c5 4. exd5 Qxd5 5. Ngf3 Nc6 6. Bc4 Qd8 7. O-O a6 8. dxc5 Bxc5 9. Nb3 Ba7 10. Qxd8+ Nxd8 11. Bf4 Ne7 12. Rad1 O-O 13. Rd2 b5 14. Be2 Nd5 15. Bd6 Re8 16. c4 bxc4 17. Bxc4 Bb7 18. Rfd1 Rc8 19. Be2 Nc6 20. Bc5 Bb8 21. Nfd4 Ne5 22. Nf3 Ng4 23. h3 Ngf6 24. Bd4 Ne4 25. Rd3 Nf4 26. Re3 Nxe2+ 27. Rxe2 Rcd8 28. Ree1 f6 29. Nfd2 e5 30. Be3 f5 31. Nxe4 Bxe4 32. Nc5 Bd5 33. Nxa6 Bxa2 34. Ra1 Bc4 35. b4 e4 36. Nxb8 Rxb8 37. Bc5 f4 38. Bd6 Rb6 39. Bxf4 Rxb4 40. Be3 1/2-1/2

[Event "Sherbrooke op B"]
[Site "Sherbrooke CAN"]
[Date "2007.05.27"]
[Round "5"]
[White "Senecal, Jean-Pierre"]
[Black "Duplessis, Jean-Roch"]
[Result "0-1"]
[WhiteElo "1336"]
[BlackElo "1736"]
[PlyCount "102"]
[GameId "2160767910676037"]
[EventDate "2007.05.25"]
[EventType "swiss"]
[EventRounds "5"]
[EventCountry "CAN"]
[SourceTitle "EXT 2022"]
[Source "ChessBase"]
[SourceDate "2021.10.06"]
[SourceVersion "1"]
[SourceVersionDate "2021.10.06"]
[SourceQuality "1"]

1. e4 e5 2. c3 d5 3. Nf3 dxe4 4. Nxe5 Be6 5. Qa4+ c6 6. Qxe4 Nf6 7. Qa4 Bd6 8. d4 Qc7 9. Nf3 O-O 10. h3 Re8 11. Be2 b5 12. Qc2 Bc4 13. Be3 Bf4 14. Bxc4 bxc4 15. O-O Bxe3 16. fxe3 Nbd7 17. Nbd2 c5 18. Nxc4 cxd4 19. cxd4 Ne4 20. Rac1 Qg3 21. Nfe5 Nxe5 22. Nxe5 Qxe3+ 23. Kh2 Qg3+ 24. Kg1 Nd6 25. Rf3 Qh4 26. Rcf1 Qxd4+ 27. Qf2 Qxf2+ 28. R1xf2 Rxe5 29. Kh2 Ne4 30. Re2 Rae8 31. Rfe3 f6 32. g4 Ng5 33. Rxe5 Rxe5 34. Rc2 Ne6 35. Rc3 Re2+ 36. Kg3 Rxb2 37. a3 Kf7 38. h4 Ra2 39. h5 g5 40. Rb3 a5 41. Rb7+ Kg8 42. Rb3 Nc5 43. Re3 a4 44. Kf3 Kf7 45. Rc3 Ne6 46. Ke4 Rg2 47. Kf3 Rb2 48. Ke3 Rb3 49. Kd2 Rxc3 50. Kxc3 Nf4 51. Kb4 f5 0-1

[Event "Sherbrooke op C"]
[Site "Sherbrooke CAN"]
[Date "2007.05.25"]
[Round "1"]
[White "Belanger, Priscillia"]
[Black "Breton, Jules"]
[Result "0-1"]
[WhiteElo "881"]
[BlackElo "1371"]
[PlyCount "93"]
[GameId "2160767910676038"]
[EventDate "2007.05.25"]
[EventType "swiss"]
[EventRounds "5"]
[EventCountry "CAN"]
[SourceTitle "EXT 2022"]
[Source "ChessBase"]
[SourceDate "2021.10.06"]
[SourceVersion "1"]
[SourceVersionDate "2021.10.06"]
[SourceQuality "1"]

1. e4 e5 2. Nf3 Nc6 3. d4 exd4 4. Nxd4 Bc5 5. Nxc6 bxc6 6. Nc3 Qf6 7. Qf3 Qe7 8. Be3 Bb4 9. Bd4 f6 10. O-O-O c5 11. Be3 Bxc3 12. bxc3 Rb8 13. c4 Qe5 14. Bf4 Qb2+ 15. Kd2 d6 16. Qc3 Ne7 17. Qxb2 Rxb2 18. Be2 O-O 19. a3 Bd7 20. Rb1 Rfb8 21. Rxb2 Rxb2 22. Bg3 Nc6 23. f4 Nd4 24. Bd3 Kf7 25. e5 Ba4 26. Rc1 Ra2 27. Bf2 Nb3+ 28. Kd1 Nxc1 29. Kxc1 Bc6 30. exd6 cxd6 31. g3 Rxa3 32. g4 g6 33. h4 Bd7 34. g5 Bf5 35. Be2 Ra2 36. Bd1 Ra6 37. gxf6 Kxf6 38. h5 Rb6 39. hxg6 hxg6 40. c3 Rb1+ 41. Kd2 Rb2+ 42. Ke1 Bc2 43. Bxc2 Rxc2 44. Bg3 Rxc3 45. Kf2 Kf5 46. Bh2 Kg4 47. Kg2 0-1

[Event "Sherbrooke op C"]
[Site "Sherbrooke CAN"]
[Date "2007.05.25"]
[Round "1"]
[White "Boutin, Andre"]
[Black "Toussaint, Claude"]
[Result "0-1"]
[WhiteElo "1317"]
[BlackElo "1483"]
[PlyCount "74"]
[GameId "2160767910676039"]
[EventDate "2007.05.25"]
[EventType "swiss"]
[EventRounds "5"]
[EventCountry "CAN"]
[SourceTitle "EXT 2022"]
[Source "ChessBase"]
[SourceDate "2021.10.06"]
[SourceVersion "1"]
[SourceVersionDate "2021.10.06"]
[SourceQuality "1"]

1. e4 e6 2. d4 d5 3. e5 c5 4. Nf3 Nc6 5. Bb5 Bd7 6. Bxc6 Bxc6 7. Be3 Qb6 8. b3 cxd4 9. Qxd4 Qb4+ 10. c3 Qxd4 11. cxd4 Bb4+ 12. Nfd2 Bb5 13. a3 Rc8 14. Nc3 Bxc3 15. Rc1 Bxd2+ 16. Kxd2 Ne7 17. a4 Bd7 18. f4 O-O 19. g4 Rc6 20. Rc3 Rfc8 21. Rhc1 Rxc3 22. Rxc3 Rxc3 23. Kxc3 f6 24. h3 fxe5 25. dxe5 Nc6 26. h4 h6 27. h5 Kf7 28. Kd3 g6 29. hxg6+ Kxg6 30. Kc3 a6 31. Kd3 Nb4+ 32. Kc3 a5 33. Bb6 Nc6 34. Bc5 Kg7 35. Bf2 Be8 36. Bh4 Bg6 37. Kd2 d4 0-1

[Event "Sherbrooke op C"]
[Site "Sherbrooke CAN"]
[Date "2007.05.25"]
[Round "1"]
[White "Olivier, Luc"]
[Black "Beauregard, Pascal"]
[Result "1/2-1/2"]
[WhiteElo "1228"]
[BlackElo "1401"]
[PlyCount "114"]
[GameId "2160767910676040"]
[EventDate "2007.05.25"]
[EventType "swiss"]
[EventRounds "5"]
[EventCountry "CAN"]
[SourceTitle "EXT 2022"]
[Source "ChessBase"]
[SourceDate "2021.10.06"]
[SourceVersion "1"]
[SourceVersionDate "2021.10.06"]
[SourceQuality "1"]

1. d4 d5 2. c4 c6 3. Nf3 Nf6 4. Nc3 Bf5 5. Bf4 e6 6. e3 Bd6 7. Bxd6 Qxd6 8. h3 dxc4 9. Bxc4 Nbd7 10. Bd3 O-O 11. Bxf5 exf5 12. O-O Rfe8 13. a4 a5 14. Qc2 g6 15. Rad1 Nb6 16. Ne5 Qb4 17. Nd3 Qe7 18. Ne5 Rac8 19. Qb3 Nfd5 20. Nxd5 Nxd5 21. Nc4 Qc7 22. Ne5 Qb6 23. Qxb6 Nxb6 24. b3 Nd5 25. Rc1 Re7 26. Nc4 b6 27. Rfd1 c5 28. dxc5 Rxc5 29. Rd4 Rb7 30. Rcd1 Nc3 31. Rd8+ Kg7 32. R1d7 Rxd7 33. Rxd7 Nxa4 34. Rd6 Kf8 35. Nxb6 Nxb6 36. Rxb6 Rc1+ 37. Kh2 Rb1 38. Ra6 Rxb3 39. Rxa5 Rb4 40. Rd5 Ke7 41. Kg3 Ke6 42. Rc5 Kf6 43. f4 Re4 44. Kf3 Kg7 45. g4 Kf6 46. g5+ Kg7 47. h4 h6 48. Rc1 hxg5 49. hxg5 Re7 50. Re1 f6 51. gxf6+ Kxf6 52. e4 fxe4+ 53. Rxe4 Rxe4 54. Kxe4 Ke6 55. Kf3 Kf5 56. Kg3 g5 57. fxg5 Kxg5 1/2-1/2

[Event "Sherbrooke op C"]
[Site "Sherbrooke CAN"]
[Date "2007.05.25"]
[Round "1"]
[White "Pelosse, Jacques"]
[Black "Belanger, Christopher"]
[Result "0-1"]
[WhiteElo "1321"]
[BlackElo "1331"]
[PlyCount "95"]
[GameId "2160767910676041"]
[EventDate "2007.05.25"]
[EventType "swiss"]
[EventRounds "5"]
[EventCountry "CAN"]
[SourceTitle "EXT 2022"]
[Source "ChessBase"]
[SourceDate "2021.10.06"]
[SourceVersion "1"]
[SourceVersionDate "2021.10.06"]
[SourceQuality "1"]

1. d4 d5 2. c4 c6 3. Nc3 e6 4. a3 g6 5. Nf3 Bg7 6. e3 Ne7 7. cxd5 exd5 8. h3 O-O 9. Be2 Nf5 10. O-O Nh4 11. b4 a6 12. Bd2 Nxf3+ 13. Bxf3 Nd7 14. Ne2 Nf6 15. Ng3 h5 16. Re1 h4 17. Nf1 Ne4 18. Bxe4 dxe4 19. Rc1 Bd7 20. Bc3 Qg5 21. Re2 Bxh3 22. Ng3 hxg3 23. gxh3 gxf2+ 24. Kxf2 Qf5+ 25. Kg2 Qf3+ 26. Kh2 Bf6 27. Qf1 Qxf1 28. Rxf1 Kg7 29. Ref2 Bg5 30. Kg3 Bxe3 31. Re2 Bg5 32. Rxe4 Kh6 33. h4 Bd8 34. Bd2+ Kh5 35. Rfe1 f5 36. Re6 Bxh4+ 37. Kh3 Bxe1 38. Bxe1 Rae8 39. Re5 Rxe5 40. dxe5 Re8 41. Bc3 g5 42. Kg3 Kg6 43. Kf3 Kf7 44. Kg3 Ke6 45. Kf3 Kd5 46. Bd2 f4 47. Bc3 Rxe5 48. Bxe5 0-1

[Event "Sherbrooke op C"]
[Site "Sherbrooke CAN"]
[Date "2007.05.25"]
[Round "1"]
[White "Soskic, Milan"]
[Black "Saint Vincent, Gagne Felix"]
[Result "1-0"]
[WhiteElo "1398"]
[BlackElo "1222"]
[PlyCount "89"]
[GameId "2160767910676042"]
[EventDate "2007.05.25"]
[EventType "swiss"]
[EventRounds "5"]
[EventCountry "CAN"]
[SourceTitle "EXT 2022"]
[Source "ChessBase"]
[SourceDate "2021.10.06"]
[SourceVersion "1"]
[SourceVersionDate "2021.10.06"]
[SourceQuality "1"]

1. d4 d5 2. Nf3 Nc6 3. e3 Nf6 4. Bd3 e6 5. a3 Bd6 6. b3 e5 7. dxe5 Nxe5 8. Bb2 Bg4 9. Be2 Bxf3 10. Bxf3 c6 11. Be2 O-O 12. O-O Re8 13. Nd2 a6 14. f4 Ned7 15. Rf3 Bc5 16. Nf1 Bb6 17. Rh3 Nc5 18. b4 Nce4 19. g4 Qd6 20. c4 dxc4 21. Qxd6 Nxd6 22. g5 Nfe4 23. Bg4 g6 24. Be5 Rad8 25. Rc1 c5 26. Bf3 cxb4 27. axb4 Rc8 28. Rd1 Red8 29. Bf6 Rd7 30. Bxe4 c3 31. Bc2 Rc4 32. Rd3 Rxb4 33. Rxc3 a5 34. Nd2 Rc7 35. Rxc7 Bxc7 36. Kf2 Nc4 37. Nxc4 Rxc4 38. Bd3 Rb4 39. Rg3 a4 40. Rg1 a3 41. Rc1 Bd6 42. Rc8+ Bf8 43. Be7 Ra4 44. Rxf8+ Kg7 45. Rb8 1-0

[Event "Sherbrooke op C"]
[Site "Sherbrooke CAN"]
[Date "2007.05.25"]
[Round "1"]
[White "Valiquette, Simon"]
[Black "Lavigne, Jake"]
[Result "1-0"]
[WhiteElo "1321"]
[BlackElo "1286"]
[PlyCount "71"]
[GameId "2160767910676044"]
[EventDate "2007.05.25"]
[EventType "swiss"]
[EventRounds "5"]
[EventCountry "CAN"]
[SourceTitle "EXT 2022"]
[Source "ChessBase"]
[SourceDate "2021.10.06"]
[SourceVersion "1"]
[SourceVersionDate "2021.10.06"]
[SourceQuality "1"]

1. c4 e5 2. Nc3 Bb4 3. g3 Nf6 4. Bg2 Bxc3 5. dxc3 d6 6. c5 d5 7. Bg5 d4 8. cxd4 exd4 9. Nf3 Qd5 10. Bxf6 gxf6 11. Qxd4 Qxd4 12. Nxd4 Nd7 13. b4 b6 14. Bxa8 bxc5 15. bxc5 Nxc5 16. Rc1 Na6 17. O-O c5 18. Rfd1 Bg4 19. Nc6 O-O 20. Rd8 Bxe2 21. Ne7+ Kg7 22. Nf5+ Kg8 23. Rxf8+ Kxf8 24. Bb7 Bd3 25. Bxa6 Bxf5 26. Rxc5 Be6 27. Bc4 Bh3 28. Rc7 Kg7 29. Bxf7 a6 30. Be6+ Kg6 31. Bxh3 f5 32. Rc6+ Kg5 33. f4+ Kh5 34. Bxf5 h6 35. g4+ Kh4 36. Rxh6# 1-0

[Event "Sherbrooke op C"]
[Site "Sherbrooke CAN"]
[Date "2007.05.26"]
[Round "2"]
[White "Beauregard, Pascal"]
[Black "Sanders, Danny"]
[Result "1/2-1/2"]
[WhiteElo "1401"]
[BlackElo "1206"]
[PlyCount "89"]
[GameId "2160767910676046"]
[EventDate "2007.05.25"]
[EventType "swiss"]
[EventRounds "5"]
[EventCountry "CAN"]
[SourceTitle "EXT 2022"]
[Source "ChessBase"]
[SourceDate "2021.10.06"]
[SourceVersion "1"]
[SourceVersionDate "2021.10.06"]
[SourceQuality "1"]

1. e4 e6 2. d4 Nf6 3. Bg5 h6 4. Bxf6 Qxf6 5. e5 Qd8 6. g3 d6 7. Nc3 d5 8. Nce2 c5 9. c3 Nc6 10. Nf3 Qa5 11. dxc5 Qxc5 12. Ned4 Nxd4 13. Nxd4 Bd7 14. Bd3 a6 15. O-O Qc7 16. Re1 Bc5 17. Rc1 Qb6 18. Qb3 Bxd4 19. cxd4 Qxb3 20. axb3 O-O 21. Rc7 Bc6 22. Rc1 Rac8 23. Rxc8 Rxc8 24. f4 Kf8 25. Kf2 Ke7 26. h4 Bd7 27. Rxc8 Bxc8 28. Ke2 b5 29. Kd2 Kd7 30. Kc3 Kc7 31. g4 g6 32. h5 gxh5 33. gxh5 Bd7 34. Kd2 Kd8 35. Ke3 Ke7 36. Kf3 f6 37. exf6+ Kxf6 38. Bg6 Ke7 39. Ke3 Be8 40. Bxe8 Kxe8 41. f5 Ke7 42. Kf4 Kf6 43. fxe6 Kxe6 44. b4 Kf6 45. Kg4 1/2-1/2

[Event "Sherbrooke op C"]
[Site "Sherbrooke CAN"]
[Date "2007.05.26"]
[Round "2"]
[White "Belanger, Christopher"]
[Black "Soskic, Milan"]
[Result "1/2-1/2"]
[WhiteElo "1331"]
[BlackElo "1398"]
[PlyCount "118"]
[GameId "2160767910676047"]
[EventDate "2007.05.25"]
[EventType "swiss"]
[EventRounds "5"]
[EventCountry "CAN"]
[SourceTitle "EXT 2022"]
[Source "ChessBase"]
[SourceDate "2021.10.06"]
[SourceVersion "1"]
[SourceVersionDate "2021.10.06"]
[SourceQuality "1"]

1. e4 e5 2. Nf3 Nc6 3. Bc4 Be7 4. O-O Nf6 5. Nc3 O-O 6. d4 d6 7. dxe5 Ng4 8. exd6 Bxd6 9. h3 Nge5 10. Nxe5 Nxe5 11. Be2 Qh4 12. Qd2 Qd8 13. Nb5 Be6 14. Nxd6 Qxd6 15. Qxd6 cxd6 16. Rd1 Rfd8 17. b3 d5 18. exd5 Rxd5 19. Rxd5 Bxd5 20. Bb2 Nc6 21. Rd1 Rd8 22. c4 Be4 23. Re1 h6 24. Bc3 f6 25. Bh5 Bf5 26. g4 Bc2 27. Re8+ Kh7 28. Rxd8 Nxd8 29. Be8 Bb1 30. a3 Bc2 31. b4 Kg8 32. Bd4 b6 33. c5 bxc5 34. Bxc5 a6 35. b5 axb5 36. Bxb5 Nb7 37. Bc4+ Kh7 38. Bb4 Nd8 39. Bd5 Ba4 40. Kf1 Kh8 41. Ke2 Nc6 42. Bxc6 Bxc6 43. h4 Kg8 44. Ke3 Kf7 45. Kf4 g5+ 46. hxg5 hxg5+ 47. Kf5 Bd7+ 48. Ke4 Bxg4 49. a4 Bd7 50. a5 Ke6 51. a6 Bc6+ 52. Ke3 f5 53. f4 g4 54. Kf2 Kd5 55. a7 Kc4 56. Be1 Kd4 57. Kg3 Ke3 58. Bf2+ Ke4 59. Bb6 Kd5 1/2-1/2